Väkirikkaimmat saaret - Statistics

Yleistilastot
  • Tätä visaa on pelattu 540 kertaa
  • Keskiarvotulos 23 / 100
Vastaustilastot
Väkiluku Saari % Oikein
28,5 milj. Madagaskar
84%
66,4 milj. Iso-Britannia
79%
7,03 milj. Irlanti
78%
375 t. Islanti
76%
11,3 milj. Kuuba
74%
21,9 milj. Sri Lanka
74%
1,09 milj. Kypros
72%
2,95 milj. Jamaika
68%
23,9 milj. Taiwan
66%
386 t. Malta
65%
5,38 milj. Hokkaidō
58%
145 milj. Jaava
55%
104 milj. Honshū
53%
4,80 milj. Sisilia
49%
23,7 milj. Borneo
47%
1,20 milj. Eteläsaari
47%
3,92 milj. Pohjoissaari
46%
5,89 milj. Singapore
45%
623 t. Kreeta
44%
59,2 milj. Sumatra
43%
1,58 milj. Sardinia
42%
22,3 milj. Hispaniola
38%
1,27 milj. Trinidad
38%
1,22 milj. Mauritius
36%
14,8 milj. Uusi-Guinea
35%
12,7 milj. Kyūshū
34%
862 t. Mallorca
34%
542 t. Tasmania
34%
4,32 milj. Bali
33%
907 t. Teneriffa
33%
1,10 milj. Bahrain
32%
64,3 milj. Luzon
32%
20,2 milj. Sulawesi
31%
839 t. Gran Canaria
29%
3,82 milj. Shikoku
29%
1,69 milj. Manhattan
28%
10,1 milj. Hainan
24%
1,30 milj. Okinawa
24%
1,27 milj. Hongkong
23%
27,0 milj. Mindanao
23%
2,29 milj. Sjellanti
22%
3,18 milj. Timor
22%
3,29 milj. Puerto Rico
21%
522 t. Newfoundland
20%
1,01 milj. Oahu
20%
8,06 milj. Long Island
19%
466 t. Fyn
18%
472 t. Sahalin
18%
870 t. Vancouver
17%
622 t. Jeju
15%
4,31 milj. Cebu
14%
2,89 milj. Zhongshan (Macao)
14%
525 t. Phuket
12%
838 t. Réunion
12%
4,66 milj. Negros
11%
887 t. Palawan
11%
897 t. Sansibar (Unguja)
10%
1,83 milj. Flores
9%
2,01 milj. Montrealinsaari
9%
4,52 milj. Panay
9%
496 t. Staten Island
9%
23,8 milj. Salsette
8%
390 t. Martinique
7%
1,33 milj. Mindoro
7%
514 t. Uusi-Britannia
7%
2,63 milj. Leyte
6%
3,31 milj. Lombok
6%
1,75 milj. Samar
6%
662 t. Viti Levu
6%
530 t. Jolo
5%
686 t. Sumba
5%
1,21 milj. Bohol
4%
450 t. Halmahera
4%
707 t. Masbate
4%
860 t. Penang
4%
1,39 milj. Sumbawa
4%
2,04 milj. Xiamen
4%
441 t. Ambon
3%
961 t. Bangka
3%
1,15 milj. Batam
3%
1,76 milj. Bhola
3%
447 t. Buton
3%
1,56 milj. Haizhu
3%
438 t. Île Jésus
3%
4,00 milj. Madura
3%
490 t. Margarita
3%
756 t. Nias
3%
1,38 milj. São Luís
3%
434 t. Seram
3%
503 t. Zhoushan
3%
459 t. Basilan
2%
763 t. Cangshan
2%
615 t. Chongming
2%
423 t. IJsselmonde
2%
468 t. Mactan
2%
383 t. Marajó
2%
407 t. Pemba
2%
400 t. Sandwip
2%
420 t. Santa Catarina
2%
760 t. São Vicente
2%
Ehtoja vastaavia visoja ei löytynyt
Tulosjakauma
Jokaisen tuloksen saaneiden osuus
Persentiili vastausten määrän mukaan
Tuloshistoriasi
Et ole pelannut tätä visaa